| 000 | 00816nam a2200313 a 4500 | ||
|---|---|---|---|
| 003 | AR-BaBNM | ||
| 005 | 20251128210339.0 | ||
| 008 | 082120s2002 ||||||||||||||000 | spa|| | ||
| 020 | _a84-329-8627-5 | ||
| 040 | _cAR-BaBNM | ||
| 100 | 1 | _aTrepat, Joan | |
| 245 | 0 | 0 | _aCómo visitar un museo |
| 250 | _a1ª ed. | ||
| 260 |
_aBarcelona _bEdiciones CEAC _c1991 |
||
| 300 |
_a92 p. _btablas, il. |
||
| 490 | 0 | _aEducación y enseñanza | |
| 650 | 4 | _aMUSEOS | |
| 650 | 4 | _aDIDACTICA | |
| 650 | 4 | _aACTIVIDADES DE LOS MUSEOS | |
| 650 | 4 | _aACTIVIDADES CULTURALES | |
| 650 | 4 | _aACTIVIDADES EN GRUPO | |
| 651 | 4 | _aEspaña | |
| 653 | _aVISITAS GUIADAS | ||
| 653 | _aACTIVIDADES EXTRAESCOLARES | ||
| 700 | 1 | _aMasegosa, Joan Josep | |
| 800 | 1 |
_aSarramona, Jaume _edirector |
|
| 942 | _cBK | ||
| 998 | _cRaquel | ||
| 999 |
_c15066 _d15066 |
||